| 000 | 00780nam a2200217Ia 4500 | ||
|---|---|---|---|
| 001 | 3458 | ||
| 003 | GE_BSU | ||
| 008 | 181216s||||||||xx |||||||||||||| ||und|| | ||
| 040 | _cGE_BSU | ||
| 080 | _a658.012 | ||
| 100 | _aЖуков,Б.Н. Волков,А.К. и др. | ||
| 245 | _aОрганизация и планирование производства на судостроительных предприятиях. | ||
| 245 | _cРед. М.И.Никитина. | ||
| 260 | _aЛ. | ||
| 260 | _bСудостроение. | ||
| 260 | _c1971. | ||
| 300 | _a368 стр. 22 см. | ||
| 300 | _eтабл. | ||
| 653 | _aОрганизация и планирование производства на судостроительных предприятиях. | ||
| 942 | _cBK | ||
| 999 |
_c37496 _d37496 |
||